000 00579nam a2200193 a 4500
001 000010948
005 20240412074221.0
008 091013s1979 dr r 001 0 spa d
040 _aDO-SdBNP
_bspa
_cBNPHU
082 _aRD861.44
_bS154c
100 1 _aSaint-Uré, Sócrates.
_926357
245 1 0 _aCobertor /
_cSócrates Saint-Uré.
260 _aSanto Domingo :
_bTaller,
_c1979.
300 _a131 p. ;
_c23 cm.
590 _aInventariado, 2018/BT
650 0 _aPoesía dominicana
_966
650 0 _aLiteratura dominicana.
_967
910 _aValidado. Control de calidad. MMOLINA
999 _c10686
_d10686